000 00494nam a2200181Ia 4500
001 18913
005 20260306171705.0
008 260306s9999||||xx |||||||||||||| ||und||
041 _aESP
082 _a658.562
_bCH574
100 _aBeth Chrissis, Mary
_eAUT
245 0 _aCMMI para desarrollo:
_bguía para la integración de procesos y la mejora de productos
260 _c2012
300 _axxxiv, 649 páginas :
_c25 cm.
650 _aGEN
654 _aCAN
942 _cLIB
_dJUS
_fJUS
_2ddc
_n
999 _c18913
_d18913